• 首页
  • 本馆介绍
  • 公告通知
  • 最新文献
  • 馆藏检索
  • 电子资源
  • 读者导购
  • 参考咨询
  • 我的图书馆
  • 登录
  • 详细信息显示
  • 放入我的书架
  • 预约/预借图书
  • 作者相关作品
  • 分类相关作品
  • 丛书相关作品
  • 出版社相关作品

书目信息

  • 表格格式
  • 工作单格式
  • 卡片格式
题名:
菇菌反季节栽培新技术
    
 
作者: 严泽湘 主编
分册:  
出版信息: 北京   化学工业出版社  2016.03
页数: 184页
开本: 21cm
丛书名: 菇菌栽培新技术丛书
单 册:
中图分类: S626.5
科图分类:
主题词: 食用菌--温室栽培--栽培技术
电子资源:
ISBN: 978-7-122-26023-9
000 00880nam0 2200241 450
001 4600
005 20181012140151.22
010    @a978-7-122-26023-9@dCNY28.00
100    @a20160411d2016 em y0chiy50 ea
101 0  @achi
102    @aCN@b110000
105    @aa z 000yy
200 1  @a菇菌反季节栽培新技术@9gu jun fan ji jie zai pei xin ji shu@b专著@f严泽湘主编
210    @a北京@c化学工业出版社@d2016.03
215    @a184页@c图@d21cm
225 1  @a菇菌栽培新技术丛书
330    @a本书介绍的是菇菌反季节栽培技术,涉及草菇、灵芝、毛木耳、猴头菇、秀珍菇、茶薪菇、金针菇、滑菇、榆黄蘑、鸡腿蘑等诸多菌类,并介绍了我国福建、山东、上海、辽宁、内蒙古等地反季节栽培经验。
461  0 @12001 @a菇菌栽培新技术丛书
606 0  @a食用菌@x温室栽培@x栽培技术
690    @aS626.5@v5
701  0 @a严泽湘@9yan ze xiang@4主编
801  0 @aCN@b91MARC@c20160516
905    @aMuseLib@dS626.5@e474
    
    菇菌反季节栽培新技术/严泽湘主编.-北京:化学工业出版社,2016.03
    184页:图;21cm.-(菇菌栽培新技术丛书)
    
    
    ISBN 978-7-122-26023-9:CNY28.00
    本书介绍的是菇菌反季节栽培技术,涉及草菇、灵芝、毛木耳、猴头菇、秀珍菇、茶薪菇、金针菇、滑菇、榆黄蘑、鸡腿蘑等诸多菌类,并介绍了我国福建、山东、上海、辽宁、内蒙古等地反季节栽培经验。
●
相关链接 在E读中查询图书 在五车中查询图书 在当当中查询图书 在豆瓣中查询图书


正题名:菇菌反季节栽培新技术     索取号:S626.5/474         预约/预借

序号 登录号 条形码 馆藏地/架位号 状态 备注
1 1125911   211259118   第二样本阅览室/ [索取号:S626.5/474] 在馆    
2 1125912   211259127   第三借阅区/ [索取号:S626.5/474] 在馆    
3 1125913   211259136   第三借阅区/ [索取号:S626.5/474] 在馆    
4 1125914   211259145   第三借阅区/ [索取号:S626.5/474] 在馆    
5 1125915   211259154   第三借阅区/ [索取号:S626.5/474] 在馆    
欢迎您!
大连网信软件有限公司© 版权所有